The animal atlas
| Main Author: | |
|---|---|
| Format: | Book |
| Published: |
London :
Dorling Kindersley ,
1992
|
| Subjects: |
MARC
| LEADER | 00000cam a2200000 7i4500 | ||
|---|---|---|---|
| 001 | 0000004201 | ||
| 002 | 000004518 | ||
| 005 | 20000330.0 | ||
| 020 | |a 0863187692 | ||
| 090 | 0 | 0 | |a J 591.0223 |b TAY |
| 100 | 1 | |a Taylor, Barbara | |
| 245 | 1 | 4 | |a The animal atlas |c Barbara Taylor |
| 260 | |a London : |b Dorling Kindersley , |c 1992 | ||
| 300 | |a 64p. : |b ill ; |c 35cm. | ||
| 650 | 0 | 0 | |a Atlases |x Juvenile literature |
| 999 | |a 030671 |b BUKU |c JUNIOR REFERENCE |e PERPUSTAKAAN KOMUNITI PETALING JAYA | ||
| 999 | |a 037335 |b BUKU |c JUNIOR REFERENCE |e PERPUSTAKAAN KOMUNITI PETALING JAYA | ||